00765cam a22002297a 4500003000500000005001700005008004100022010000900063011000900072035000900081040000900090100003100099245011400130260004000244300001100284502009900295650002500394650003100419650002800450700003000478700002700508CHAP20220329133443.0971013s1993 r 00010 d a6561 a7533 a6756 cCHAP00aOlivares Huerta, Gilberto. 0aProducción y comercialización del romerito (Suaeda diffusa Wats) en San Andrés Mixquic, Tláhuac, D.F. aChapingo, Méx. :bEl autor,c1993 a111 h. aTesis (Ing. Agr. Esp. en Economía Agrícola) -- UACH. Departamento de Economía Agrícola14aRomeritosxMercadeo.14aRomeritosxMéxico (D.F.)14aRomeritosxRendimiento.0 aMolina Arellano, Artemio.0 aSoto Valdés, Marcos.